Statistiques concernant Effectif du Stade toulousain - Saison 2023-2024.

Cliquez ici pour prendre le quiz!

Statistiques générales

  • Ce quiz a été pris 70 fois
  • Le résultat moyen est 35 sur 54

Statistiques - réponses

Joueur% Correct
Antoine Dupont
100%
Julien Marchand
100%
Romain Ntamack
100%
Théo Ntamack
100%
Cyril Baille
98%
Peato Mauvaka
98%
Thomas Ramos
96%
Emmanuel Meafou
92%
Jack Willis
92%
François Cros
90%
Matthis Lebel
90%
Paul Graou
90%
Santiago Chocobares
90%
Thibaud Flament
90%
Juan Cruz Mallía
88%
Blair Kinghorn
87%
Dorian Aldegheri
85%
Pita Ahki
85%
Ange Capuozzo
83%
Paul Costes
83%
Richie Arnold
83%
Anthony Jelonch
77%
Joel Merkler
75%
Baptiste Germain
73%
Guillaume Cramont
73%
Sofiane Guitoune
71%
Alexandre Roumat
69%
Pierre-Louis Barassi
69%
Mathis Castro Ferreira
67%
Rodrigue Neti
67%
David Ainu'u
65%
Arthur Retière
63%
Edgar Retière
63%
Joshua Brennan
58%
Lucas Tauzin
58%
Dimitri Delibes
54%
Nepo Laulala
54%
Alban Placines
52%
Piula Faasalele
52%
Melvyn Jaminet
48%
Clément Vergé
44%
Setareki Bituniyata
44%
Ian Boubila
42%
Rynhardt Elstadt
29%
Billy Searle
25%
Léo Banos
25%
Paul Mallez
25%
Marco Trauth
23%
Maxime Duprat
23%
Nelson Épée
23%
Owen Franks
19%
Simon Renda
6%
Hugo Reilhes
4%
Kakeru Okumura
4%

Distribution des résultats

Percentile par nombre de réponses

% des personnes avec chaque résultat

Votre développement - résultats

Vous n’avez pas pris ce quiz